000 nam a22 a 4500
999 _c390379
_d390379
003 BLK
005 20201020154438.0
008 201020b bu ||||| |||| 00| 0 bu d
040 _aBLK
041 _aRUS
_cRUS
080 _aИстория на Европа
_b94(4)
_z94(4)
100 _91299
_aДрейпер, Джон Уильям
_eпърви автор
245 _aИстория умственного развития Европы
_bТ. 1
_cДжон Вильям Дрэпер ; Перев. с англ. ; Под ред. А. н. Пыпина
_nТ. 1
250 _a4. изд.
260 _9435429
_aСанкт-Петербург
_bКниж. маг. О. И. Бакста
_c1885
300 _a23 см
380 _a9
490 _9435080
_aКолекция Редки и ценни издания
650 0 _9265153
_aИстория - Европа
760 _h364 с.
_oТ. 1
852 _aРр 885
_bРц
942 _cKNG
_n0
_s1
944 _aCR
_c2020-10-20
_kВЙ